000 00581nam a2200181Ia 4500
008 090124s9999 xx 000 0 und d
082 _b8317
100 _aदेशपांडे गौरी
245 _a अरेबिय़न नाइटस खंड 2
250 _a0
260 _c1976
300 _a398
600 _aदेशपांडे गौरी
630 _a अरेबिय़न नाइटस खंड 2
700 _aदेशपांडे गौरी
730 _a अरेबिय़न नाइटस खंड 2
942 _cBOOK
999 _c85592
_d85592